[Event "Bogota op 10"]
[Site "Bogota"]
[Date "2012.10.19"]
[Round "9"]
[White "Pina Vega, Sulennis"]
[Black "Nunez V, Gustavo Eduardo"]
[Result "1/2-1/2"]
[WhiteElo "2322"]
[BlackElo "2234"]
[PlyCount "35"]
[EventDate "2012.10.11"]
[EventType "swiss"]
[EventRounds "9"]
[EventCountry "COL"]
[SourceTitle "EXT 2013"]
[Source "ChessBase"]
[SourceDate "2012.11.22"]
[SourceVersion "1"]
[SourceVersionDate "2012.11.22"]
[SourceQuality "1"]

1. e4 g6 2. d4 Bg7 3. Nc3 c5 4. d5 d6 5. f4 Nf6 6. Bb5+ Nbd7 7. Nf3 0-0 8. Bxd7 Bxd7 9. 0-0 b5 10. Ne2 Bg4 11. h3 Bxf3 12. Rxf3 Nd7 13. a4 bxa4 14. Rxa4 Qc7 15. Qe1 Rfb8 16. Ra2 Rb4 17. Ng3 Rab8 18. c3 1/2-1/2

[Event "Bogota op 10"]
[Site "Bogota"]
[Date "2012.10.15"]
[Round "5"]
[White "Pina Vega, Sulennis"]
[Black "Hernandez Carmenates, Holden"]
[Result "1/2-1/2"]
[WhiteElo "2322"]
[BlackElo "2560"]
[PlyCount "73"]
[EventDate "2012.10.11"]
[EventType "swiss"]
[EventRounds "9"]
[EventCountry "COL"]
[SourceTitle "EXT 2013"]
[Source "ChessBase"]
[SourceDate "2012.11.22"]
[SourceVersion "1"]
[SourceVersionDate "2012.11.22"]
[SourceQuality "1"]

1. e4 c5 2. Nf3 e6 3. b3 d6 4. Bb2 Nf6 5. Bb5+ Nbd7 6. Nc3 Be7 7. 0-0 0-0 8. d4 a6 9. Be2 cxd4 10. Qxd4 b5 11. a4 e5 12. Qe3 b4 13. Na2 Bb7 14. Nxb4 a5 15. Nd5 Nxd5 16. exd5 Bxd5 17. Rfd1 Be6 18. Ba3 Qc7 19. Bb5 Nf6 20. c4 Rfd8 21. h3 Nh5 22. Rac1 Nf4 23. Kh2 f6 24. Nd4 Bd7 25. Bxd7 Qxd7 26. Nb5 d5 27. Bxe7 Qxe7 28. cxd5 Nxd5 29. Rxd5 Rxd5 30. Nc7 Rdd8 31. Nxa8 Rxa8 32. Qb6 e4 33. Rc7 Qe5+ 34. g3 Re8 35. Qb7 Qf5 36. Rxg7+ Kh8 37. Qd7 1/2-1/2